Magnificent monuments of india / (Record no. 139457)

MARC details
000 -LEADER
fixed length control field 00503nam a22001697a 4500
005 - DATE AND TIME OF LATEST TRANSACTION
control field 20170503115549.0
010 ## - LCCN (DPL NO)
LC control number ENG-118020
020 ## - INTERNATIONAL STANDARD BOOK NUMBER
International Standard Book Number 9789380208169
Terms of availability 750.00
037 ## - SOURCE OF ACQUISITION
Source of stock number/acquisition DBAD/PUB
082 ## - DEWEY DECIMAL CLASSIFICATION NUMBER
Classification number 954
100 ## - MAIN ENTRY--PERSONAL NAME
Personal name Khangarani, Sukhram
245 ## - TITLE STATEMENT
Title Magnificent monuments of india /
Statement of responsibility, etc by khangarani sukhram
260 ## - PUBLICATION, DISTRIBUTION, ETC. (IMPRINT)
Place of publication, distribution, etc Kartar Nagar
Name of publisher, distributor, etc Rahi Prakashan
Date of publication, distribution, etc 2015
270 ## - ADDRESS
Address L-45, Gali No-5 Kartar Nagar, Delhi-110053
300 ## - PHYSICAL DESCRIPTION
Extent 240p
Dimensions 22cm.[Hb]
942 ## - ADDED ENTRY ELEMENTS (KOHA)
Source of classification or shelving scheme Dewey Decimal Classification
Item type English Books
Classification part 954
Call number suffix KHA
Holdings
Withdrawn status Lost status Not for loan Collection code Home library Current library Date acquired Source of acquisition Cost, normal purchase price Full call number Barcode Copy number Cost, replacement price Koha item type
    Not For Loan Non-fiction D.B.Act.Division Bawana 03/05/2017 DBAD/PUB 750.00 954 KHA EN-101552 1 750.00 English Books

© Delhi Public Library
Hit Counter
free hit counter